书目信息 |
| 题名: |
管理沟通
|
|
| 作者: | 罗锐韧 , 曾繁正 主编 | |
| 分册: | ||
| 出版信息: | 北京 红旗出版社 1997.10 |
|
| 页数: | 292页 | |
| 开本: | 32开 | |
| 丛书名: | ||
| 单 册: | ||
| 中图分类: | F270.7 | |
| 科图分类: | ||
| 主题词: | 企业经济 | |
| 电子资源: | ||
| ISBN: | 7-5051-0175-7 | |
| 000 | 00579nam0 2200205 45 | |
| 001 | 0008090960 | |
| 005 | 20000809095739.5 | |
| 010 | @a7-5051-0175-7@d19.80元 | |
| 100 | @a20000809d1997 km y0chiy0120 ea | |
| 101 | 0 | @achi |
| 105 | @a z 000yy | |
| 200 | 1 | @a管理沟通@AGuan Li Gou Tong@f罗锐韧,曾繁正主编@FLuo Rui Ren,Ceng Fan Zheng Zhu Bian |
| 210 | @a北京@c红旗出版社@d1997.10 | |
| 215 | @a292页@d32开 | |
| 606 | 0 | @a企业经济 |
| 690 | @aF270.7@v3 | |
| 701 | 0 | @a罗锐韧@4主编 |
| 701 | 0 | @a曾繁正@4主编 |
| 801 | @aCN@bPftUser@c20000809 | |
| 905 | @dF270.7@eL715@b94462-464@f3 | |
| 管理沟通/罗锐韧,曾繁正主编.-北京:红旗出版社,1997.10 |
| 292页;32开 |
| ISBN 7-5051-0175-7:19.80元 |
| ● |
| 相关链接 |
|
|
|
正题名:管理沟通
索取号:F270.7/L715
 
预约/预借
| 序号 | 登录号 | 条形码 | 馆藏地/架位号 | 状态 | 备注 |
| 1 | 94462 | 200944620 | 管理学院资料室/ [索取号:F270.7/L715] | 在馆 | |
| 2 | 94463 | 200944639 | 管理学院资料室/ [索取号:F270.7/L715] | 在馆 | |
| 3 | 94464 | 200944648 | 管理学院资料室/ [索取号:F270.7/L715] | 在馆 |